| 000 | 00497nam a2200169Ia 4500 | ||
|---|---|---|---|
| 003 | OSt | ||
| 005 | 20200124160753.0 | ||
| 008 | 190216s9999||||xx |||||||||||||| ||und|| | ||
| 020 | _a9788184842975 | ||
| 040 | _coclc | ||
| 082 |
_a332.10954 _bAHM/B |
||
| 100 | 1 |
_aAhmad, Rais, _9885 _d1958- |
|
| 245 | 0 |
_aBanking And FDI In India / _cRais Ahmad |
|
| 260 |
_bRegal Publications, _c2014. _aNew Delhi: |
||
| 300 | _a582p | ||
| 942 |
_cBK _2ddc _h332.10954 _iAHM/B _k332.10954 _mAHM/B |
||
| 999 |
_c11408 _d11408 |
||